| 000 | 00530nam a2200157 a 4500 | ||
|---|---|---|---|
| 001 | 000029698 | ||
| 005 | 20200930055734.0 | ||
| 008 | 110425s1992 dr 000 0 spa d | ||
| 040 |
_aDO-SdBNP _bspa _cBNPHU |
||
| 082 |
_axxx _bC322 |
||
| 245 | 0 | 0 | _aCarta apostólica de Juan Pablo ll a los religiosos y religiosas de América Latina con ocasión del V centenario de la evangelización del nuevo mundo. |
| 260 |
_aSanto Domingo : _bPUCMM, _c1992. |
||
| 300 |
_a34 p. ; _c23 cm. |
||
| 490 | 1 | _aDocumentos | |
| 830 | 0 |
_aDocumentos _91047 |
|
| 999 |
_c29190 _d29190 |
||